Country commerce Argentina 2008.
| Format: | Book |
|---|---|
| Published: |
New York:
Economist Intelligence Unit,
2008.
|
| Subjects: |
| LEADER | 00472cam a2200157 7i4500 | ||
|---|---|---|---|
| 001 | 0000022014 | ||
| 005 | 20081204090000.0 | ||
| 090 | 0 | 0 | |a ARGT 380.1 |b COU |
| 245 | 0 | 0 | |a Country commerce Argentina 2008. |
| 260 | 0 | 0 | |a New York: |b Economist Intelligence Unit, |c 2008. |
| 300 | # | # | |a 89 p. |
| 650 | 0 | 0 | |a Business -- |z Argentina |
| 650 | 0 | 0 | |a Investments -- |z Argentina |
| 650 | 0 | 0 | |a Trading -- |z Argentina |
| 651 | 0 | 0 | |a Argentina |
| 999 | |a B000022806 |b Book |c Countries |e Business Information Centre | ||